La mitología en la vida de los pueblos / (Record no. 120811)
[ view plain ]
| 000 -LEADER | |
|---|---|
| campo de control de longitud fija | 00634nam a2200193 i 4500 |
| 001 - NÚMERO DE CONTROL | |
| campo de control | 120811 |
| 003 - IDENTIFICADOR DE NÚMERO DE CONTROL | |
| campo de control | ES-MaACL |
| 005 - FECHA Y HORA DE LA ÚLTIMA TRANSACCIÓN | |
| campo de control | 20250821111916.0 |
| 007 - CAMPO FIJO DE DESCRIPCIÓN FÍSICA--INFORMACIÓN GENERAL | |
| campo de control de longitud fija | t| |
| 008 - DATOS DE LONGITUD FIJA--INFORMACIÓN GENERAL | |
| campo de control de longitud fija | 070214s1969 sp r ||||1| spa d |
| 100 1# - ENTRADA PRINCIPAL--NOMBRE DE PERSONA | |
| Nombre de persona | Prampolini, Giacomo. |
| 9 (RLIN) | 93651 |
| 245 13 - MENCIÓN DEL TÍTULO | |
| Título | La mitología en la vida de los pueblos / |
| Mención de responsabilidad, etc. | Giacomo Prampolini ; traducción de Luis Monreal Tejada. |
| 260 ## - PUBLICACIÓN, DISTRIBUCIÓN, ETC. | |
| Lugar de publicación, distribución, etc. | Barcelona : |
| Nombre del editor, distribuidor, etc. | Montaner y Simón, |
| Fecha de publicación, distribución, etc. | 1969. |
| 300 ## - DESCRIPCIÓN FÍSICA | |
| Extensión | 2 v., 42 lám. : |
| Otras características físicas | il. ; |
| Dimensiones | 29 cm. |
| 650 #4 - PUNTO DE ACCESO ADICIONAL DE MATERIA--TÉRMINO DE MATERIA | |
| Término de materia o nombre geográfico como elemento de entrada | Mitología. |
| 9 (RLIN) | 15092 |
| 700 1# - ENTRADA AGREGADA--NOMBRE PERSONAL | |
| Nombre de persona | Monreal y Tejada, Luis, |
| Fechas asociadas al nombre | 1912-2005 |
| 9 (RLIN) | 82274 |
| 852 ## - LOCALIZACIÓN | |
| Ubicación | ES-MaACL |
| Número de control de estantería | C-37458-59 |
| Sublocalización o colección | R.76715 |
| Estatus retirado | Estado de pérdida | Estado de daño | No para préstamo | Biblioteca de origen | Biblioteca actual | Ubicación en estantería | Fecha de adquisición | Fuente de adquisición | Total de préstamos | Signatura topográfica completa | Código de barras | Visto por última vez | Precio de reemplazo | Tipo de ítem Koha |
|---|---|---|---|---|---|---|---|---|---|---|---|---|---|---|
| Biblioteca del Ateneo de Madrid | Biblioteca del Ateneo de Madrid | Depósito 2 | 17/01/2008 | C-37458-59 | 1125919 | 23/02/2023 | 23/02/2023 | Libro impreso |
